Catalog

Record Details

Catalog Search



Available copies

  • 2 of 2 copies available at LARL/NWRL Consortium.
  • 2 of 2 copies available at Lake Agassiz Regional Library. (Show preferred library)

Current holds

0 current holds with 2 total copies.

Show Only Available Copies
Location Call Number / Copy Notes Barcode Shelving Location Status Due Date
Hawley Public Library HOA (Text) 33500013822408 Main Available -
Moorhead Public Library HOA (Text) 33500013695747 Main Available -

Record details

  • ISBN: 9780593337219
  • ISBN: 9780451490803
  • ISBN: 0451490800
  • Physical Description: pages cm
  • Publisher: New York : JOVE / Berkley, 2018.

Content descriptions

General Note:
"A JOVE book" -- Verso title page.
Summary, etc.:
"A heartwarming and refreshing debut novel that ... Read More
Subject: Women mathematicians > Fiction.
Asperger's syndrome > Fiction.
Escort services > Fiction.
Man-woman relationships > Fiction.
FICTION / Romance / Contemporary.
FICTION / Contemporary Women.
Asperger's syndrome.
Escort services.
Man-woman relationships.
Women mathematicians.
Genre: Love stories.
Fiction.
LDR 03906cam a22005178i 4500
001284610
003LARL_NWRL_CONSORTIUM
00520221019165702.0
008180130s2018 nyu 000 1 eng
010 . ‡a 2017061141
0201 . ‡a9780593337219
040 . ‡aDLC ‡beng ‡erda ‡cDLC ‡dOCLCO ‡dOCLCF
020 . ‡a9780451490803 ‡q(paperback)
020 . ‡a0451490800
020 . ‡z9780451490810 (ebook)
035 . ‡a(OCoLC)1004103278
042 . ‡apcc
08200. ‡a813/.6 ‡223
084 . ‡aFIC027020 ‡aFIC044000 ‡2bisacsh
1001 . ‡aHoang, Helen, ‡eauthor. ‡0(LARL_NWRL_CONSORTIUM)225135
24514. ‡aThe kiss quotient / ‡cHelen Hoang.
264 1. ‡aNew York : ‡bJOVE / Berkley, ‡c2018.
300 . ‡apages cm
336 . ‡atext ‡btxt ‡2rdacontent
337 . ‡aunmediated ‡bn ‡2rdamedia
338 . ‡avolume ‡bnc ‡2rdacarrier
4900 . ‡aKiss quotient ; ‡v1
500 . ‡a"A JOVE book" -- Verso title page.
520 . ‡a"A heartwarming and refreshing debut novel that proves one thing: there's not enough data in the world to predict what will make your heart tick. Stella Lane thinks math is the only thing that unites the universe. She comes up with algorithms to predict customer purchases--a job that has given her more money than she knows what to do with, and way less experience in the dating department than the average thirty-year-old. It doesn't help that Stella has Asperger's and French kissing reminds her of a shark getting its teeth cleaned by pilot fish. Her conclusion: she needs lots of practice--with a professional. Which is why she hires escort Michael Phan. With the looks of a K-drama star and the martial arts moves to match, the Vietnamese and Swedish stunner can't afford to turn down Stella's offer. And when she comes up with a lesson plan, he proves willing to help her check off all the boxes--from foreplay to more-than-missionary position. Before long, Stella not only learns to appreciate his kisses, but to crave all of the other things he's making her feel. Their no-nonsense partnership starts making a strange kind of sense. And the pattern that emerges will convince Stella that love is the best kind of logic.."-- ‡cProvided by publisher.
650 0. ‡aWomen mathematicians ‡vFiction.
650 0. ‡aAsperger's syndrome ‡vFiction.
650 0. ‡aEscort services ‡vFiction. ‡0(LARL_NWRL_CONSORTIUM)169237
650 0. ‡aMan-woman relationships ‡vFiction. ‡0(LARL_NWRL_CONSORTIUM)165985
650 7. ‡aFICTION / Romance / Contemporary. ‡2bisacsh
650 7. ‡aFICTION / Contemporary Women. ‡2bisacsh
650 7. ‡aAsperger's syndrome. ‡2fast ‡0(LARL_NWRL_CONSORTIUM)37973
650 7. ‡aEscort services. ‡2fast ‡0(LARL_NWRL_CONSORTIUM)19579
650 7. ‡aMan-woman relationships. ‡2fast ‡0(LARL_NWRL_CONSORTIUM)38460
650 7. ‡aWomen mathematicians. ‡2fast ‡0(LARL_NWRL_CONSORTIUM)34729
655 7. ‡aLove stories. ‡2gsafd
655 7. ‡aFiction. ‡2fast
905 . ‡uvanderl
901 . ‡a284610 ‡b ‡c284610 ‡tbiblio ‡soclc

Additional Resources